| 000 | 00755nam a2200229 a 4500 | ||
|---|---|---|---|
| 005 | 20240228063913.0 | ||
| 008 | 080304s2006 mx r 000 0 spa d | ||
| 020 | _a9707703601 | ||
| 035 | _aUPN01000154712 | ||
| 049 | _aI | ||
| 050 | 4 |
_aPZ71 _bP4.66 |
|
| 100 | 1 | _aPfeffer, Pierre | |
| 245 | 1 | 3 |
_aEl oso : _bun gigante no muy tranquilo / _cPierre Pfeffer ; il. por Franck Stéphan ; tr. Adrián Pellaumail. |
| 260 |
_aMéxico : _bAltea, _c2006. |
||
| 300 |
_a[34] p. _bprincipalmente il. col. |
||
| 440 | 0 | _aAltea Benjamín | |
| 534 |
_pTitulo original: _tL'ours, un géant pas si tranquille |
||
| 650 | 4 |
_aLibros y lectura para niños _92290 |
|
| 650 | 4 |
_aOSOS - _vLITERATURA JUVENIL _98915 |
|
| 700 | 1 |
_aStéphan, Franck, _eil. |
|
| 905 | _aInfantil | ||
| 999 |
_c126829 _d126829 |
||